Szczegóły MARC21

IT-Controlling realisieren : Praxiswissen fűr IT-Controller, CIOs und IT-Verantwortliche : mit 110 Abbildungen /

005 -DATA I CZAS OSTATNIEJ MODYFIKACJI [,]
    • @
    • pole kontrolne
    • 20070702144656.0
020 -Międzynarod. znormalizowany nr książki - ISBN [ , ]
    • a
    • Numer ISBN
    • 3528059265 Find
040 -Instytucja sporządzająca opis [ , ]
    • a
    • Instytucja, która sporządziła opis (NP)
    • SZCZ U/IJ
    • c
    • Instytucja, która sporządziła rekord (NP)
    • SZCZ U/IJ
    • d
    • Instytucja, która zmodyfikowała rekord (P)
    • SZCZ U/JŚ
041 -Język dokumentu [0, ]
    • a
    • Język tekstu (P)
    • niemiecki
044 -Kraj miejsca wydania [ , ]
    • a
    • Kraj miejsca wydania
    • Niemcy
942 -Rodzaj dokumentu [ , ]
    • c
    • Rodzaj dokumentu
    • Książka
100 -Hasło główne - nazwa osobowa [1, ]
    • a
    • Nazwa osobowa (NP)
    • Gadatsch, Andreas
245 -Strefa tytułu i oznaczenia odpowiedzialności [1,0]
    • a
    • Tytuł
    • IT-Controlling realisieren : Find
    • b
    • Ciąg dalszy tytułu (NP)
    • Praxiswissen fűr IT-Controller, CIOs und IT-Verantwortliche : mit 110 Abbildungen / Find
    • c
    • Pozostałe elementy strefy tytułu i oznaczenia odpowiedzialności (NP)
    • Andreas Gadatsch.
260 -Strefa adresu wydawniczego [ , ]
    • a
    • Miejsce wydania (P)
    • Wiesbaden :
    • b
    • Nazwa wydawcy (P)
    • Vieweg,
    • c
    • Data wydania (P)
    • 2005.
300 -Strefa opisu fizycznego [ , ]
    • a
    • Określenie formy książki i/lub objętość (NP)
    • XIV, 245 s. :
    • b
    • Oznaczenie ilustracji (NP)
    • il. ;
    • c
    • Format (NP)
    • 24 cm.
500 -Uwaga ogólna [ , ]
    • a
    • Uwaga ogólna (NP)
    • Bibliogr. Ind.
080 -Uniwersalna Klasyfikacja Dziesiętna [ , ]
    • 2
    • Identyfikator wydania tablic
    • UDC-P022
    • a
    • Symbol klasyfikacji
    • 004.031.43
    • b
    • Dopowiedzenie
    • Systemy czasu rzeczywistego.
    • x
    • Poddział wspólny
    • (07)
    • b
    • Dopowiedzenie
    • (Wydawnictwa dydaktyczne. Podręczniki).
    • x
    • Poddział wspólny
    • =112.2
    • b
    • Dopowiedzenie
    • =język niemiecki
080 -Uniwersalna Klasyfikacja Dziesiętna [ , ]
    • 2
    • Identyfikator wydania tablic
    • UDC-P022
    • a
    • Symbol klasyfikacji
    • 658.1/.5.012.4
    • b
    • Dopowiedzenie
    • Zarządzanie i organizacja przedsiębiorstw.
    • x
    • Poddział wspólny
    • (07)
    • b
    • Dopowiedzenie
    • (Wydawnictwa dydaktyczne. Podręczniki).
    • x
    • Poddział wspólny
    • =112.2
    • b
    • Dopowiedzenie
    • =język niemiecki
080 -Uniwersalna Klasyfikacja Dziesiętna [ , ]
    • 2
    • Identyfikator wydania tablic
    • UDC-P022
    • a
    • Symbol klasyfikacji
    • 657
    • b
    • Dopowiedzenie
    • Rachukowość. Księgowość.
    • x
    • Poddział wspólny
    • (07)
    • b
    • Dopowiedzenie
    • (Wydawnictwa dydaktyczne. Podręczniki).
    • x
    • Poddział wspólny
    • =112.2
    • b
    • Dopowiedzenie
    • =język niemiecki
980 -Symbol UKD [ , ]
    • a
    • UKD
    • 004.031.43:658.1/.5.012.4:657](07)=112.2
920 -ISBN [ , ]
    • a
    • ISBN
    • 3-528-05926-5 Find
Numer inwentarzowy Sygnatura Status udost. Lokalizacja Data inwentaryzacji
S.92764FUNDACJA POLSKO-NIEMIECKA-2BE2007-04-24